| 000 | 00518nam a22001457a 4500 | ||
|---|---|---|---|
| 999 |
_c522899 _d522899 |
||
| 008 | 230612b ||||| |||| 00| 0 eng d | ||
| 100 |
_aSetalvad, Teesta _941789 |
||
| 245 | _aBabri Masjid demolition: A point of departure, and of arrival | ||
| 260 | _aSocial Scientist | ||
| 300 | _a51(1-2), Jan-Feb, 2023: p.21-38 | ||
| 650 |
_aHindu temples India Ayodhya (Faizabad), India Ayodhya (Faizabad), Hindu temples - Bharat _941790 |
||
| 773 | _aSocial Scientist | ||
| 906 | _aHINDU TEMPLES - INDIA | ||
| 942 | _cAR | ||